Lakes - Multiple Choice - Statistics

General Stats
  • This quiz has been taken 328 times
    324 since last reset
  • The average score is 11 of 17
Answer Stats
Question Answer % Correct
What is the small lake found in the middle of desert called? Oasis
96%
What is the oldest and deepest lake in the world? Lake Baikal
93%
Which one of these used to be world's 4th largest lake? Aral Sea
89%
How many Great Lakes are there? 5
88%
South America's largest lake (area), Lake Titicaca, is located between which countries? Bolivia and Peru
84%
In which one of these lakes does freshwater sharks live? Lake Nicaragua, Nicaragua
81%
Which lake has the most species of fish than any other lakes? Lake Malawi
77%
What is the largest lake in Antarctica? Lake Vostok
72%
In which country would you find Lake Van? Turkey
68%
Which one of these statements about the Dead Sea is NOT true? Is bordered by Israel, Jordan and Syria
63%
The largest lake on an island is Nettilling Lake. Which island is it on? Baffin Island
58%
Out of top 10 world's biggest lakes by area, how many of them are surrounded by only one country? 4
54%
What type of lake is a pond? A small lake
44%
Australia's largest lake is called Lake Eyre. In which state is it located? South Australia
44%
Which one is European Union's largest lake? Vänern, Sweden
42%
What is the maximum depth of Lake Tanganyika? 1,470 m (4,820 ft)
35%
What country shares the longest border with Caspian Sea? Kazakhstan
35%
No matching quizzes found
Score Distribution
Percent of People with Each Score
Percentile by Number Answered
Your Score History
You have not taken this quiz since the last reset